5HLuxD.jpg

KING HENRY VIII SENIOR AND PRIMARY SCHOOL LIBRARY OPAC

The chocolate war / (Record no. 893)

000 -LEADER
fixed length control field 00987cam a2200289 a 4500
001 - CONTROL NUMBER
control field (Sirsi) a949213
003 - CONTROL NUMBER IDENTIFIER
control field OSt
005 - DATE AND TIME OF LATEST TRANSACTION
control field 20191226084531.0
008 - FIXED-LENGTH DATA ELEMENTS--GENERAL INFORMATION
fixed length control field 041014r20142014nyu d 000 1 eng
010 ## - LIBRARY OF CONGRESS CONTROL NUMBER
LC control number 2004558936
020 ## - INTERNATIONAL STANDARD BOOK NUMBER
International Standard Book Number 0375829873
Qualifying information (pbk.) :
020 ## - INTERNATIONAL STANDARD BOOK NUMBER
International Standard Book Number 9780375829871
Qualifying information (pbk.) :
040 ## - CATALOGING SOURCE
Original cataloging agency HT
Transcribing agency HT
Modifying agency OCLCQ
-- TMI
-- DLC
-- TAE
042 ## - AUTHENTICATION CODE
Authentication code nbic
082 ## - DEWEY DECIMAL CLASSIFICATION NUMBER
Classification number FIC COR
100 1# - MAIN ENTRY--PERSONAL NAME
Personal name Cormier, Robert,
Dates associated with a name 1925-2000.
Relator term author
245 14 - TITLE STATEMENT
Title The chocolate war /
Statement of responsibility, etc. Robert Cormier.
260 ## - PUBLICATION, DISTRIBUTION, ETC.
Place of publication, distribution, etc. New York :
Name of publisher, distributor, etc. Knopf :
-- Ember,
Date of publication, distribution, etc. 2014.
300 ## - PHYSICAL DESCRIPTION
Extent 253 p., 14 p. ;
Dimensions 21 cm.
500 ## - GENERAL NOTE
General note Originally published: New York : Pantheon Books, c1974.
520 ## - SUMMARY, ETC.
Summary, etc. A high school freshman discovers the devastating consequences of refusing to join in the school's annual fund raising drive and arousing the wrath of the school bullies.
521 1# - TARGET AUDIENCE NOTE
Target audience note 13-18.
650 #1 - SUBJECT ADDED ENTRY--TOPICAL TERM
Topical term or geographic name entry element High schools
Form subdivision Fiction.
650 #0 - SUBJECT ADDED ENTRY--TOPICAL TERM
Topical term or geographic name entry element Peer pressure
Form subdivision Fiction.
650 #1 - SUBJECT ADDED ENTRY--TOPICAL TERM
Topical term or geographic name entry element Schools
Form subdivision Fiction.
942 ## - ADDED ENTRY ELEMENTS (KOHA)
Source of classification or shelving scheme
Koha item type Books - Fiction
Holdings
Withdrawn status Lost status Source of classification or shelving scheme Damaged status Not for loan Collection code Permanent Location Current Location Shelving location Date acquired Full call number Barcode Date last seen Price effective from Koha item type
          Fiction KH8 Senior School Library KH8 Senior School Library Fiction 2019-12-26 FIC COR 3KHSL000101647 2019-12-26 2019-12-26 Books - Fiction

Powered By KH8 IT Dept